000 00504nam a2200217Ia 4500
003 OSt
005 20230425153257.0
008 210423s1998 xx 000 0 und d
020 _a1858600561
040 _cAL
041 _aeng
082 _a500 SCHV
100 _aSCHAUBERGER (Vikotr).
_992901
245 _aNature as teachers.
260 _aUK
_bGateway Books
_c1998
300 _axi,180
_bPB
365 _cINR
650 _aSciences
_992902
906 _aNature ; teachers
942 _2ddc
_cBK
999 _c162690
_d162690